| 000 | 00740cab a22001935a 4500 | ||
|---|---|---|---|
| 001 | L143484 | ||
| 008 | 080514s2008 xxka f 000 0 eng d | ||
| 035 | _a(Sirsi) u143484 | ||
| 041 | 0 | _aeng | |
| 100 | 1 | _aStanley, David | |
| 245 | 0 | 0 | _aLife beyond football |
| 260 | _c2008 | ||
| 490 | 0 |
_aBuilding Services Journal _v30(5) May 2008, 25-28(4) |
|
| 520 | _aReport on the transformation of Arsenal's old home, Highbury stadium, into a development of luxury apartments. In particular, discusses how the services design was approached, which had to include two historic buildings. The total construction cost of the project was £125m. | ||
| 590 | _aKA | ||
| 651 | 4 |
_aUnited Kingdom _y |
|
| 690 |
_aBlock management _96220 |
||
| 942 | _n0 | ||
| 999 |
_c80205 _d80205 |
||